Cinéma en images par lettres - L - Statistiques

Statistiques générales
  • Ce quiz a été pris 340 fois
    216 depuis la dernière actualisation
  • Le résultat moyen est 13 sur 24
Statistiques - réponses
Par images Hint Réponse % Correct
Film Là-haut
97%
Film La La Land
94%
Inventeurs Auguste et Louis Lumière
93%
Acteur Bruce Lee
89%
Actrice Alexandra Lamy
86%
Film La Ligne Verte
82%
Personnage Legolas
69%
Acteur Thierry Lhermitte
66%
Film Lawrence d'Arabie
64%
Film Le Loup de Wall Street
60%
Duo d'acteurs Laurel & Hardy
56%
Film Lucky Luke
56%
Réalisateur David Lynch
55%
Acteur Vincent Lindon
52%
Film Le Labyrinthe de Pan
49%
Film Lost in Translation
45%
Actrice Mélanie Laurent
44%
Personnage Léonidas
39%
Studio Lucasfilm
35%
Réalisateur Claude Lelouch
34%
Film Les lumières de la ville
19%
Compositeur Michel Legrand
18%
Réalisateur Sergio Leone
17%
Doubleur Christophe Lemoine
4%
Aucun quiz correspondant
Distribution des résultats
% des personnes avec chaque résultat
Percentile par nombre de réponses
Votre historique - résultats
Vous n’avez pas pris ce quiz depuis la dernière actualisation